000 00868nam a2200253 a 4500
001 40374
003 BD-RjUL
005 20211209053212.0
008 160430s1996 bg b b 001 0 eng
020 _a9840513281
_c: Tk. 450.00
035 _a(BD-RjUL)40489
040 _aBD-RjU
_cBD-RjU
_beng
041 _aeng
082 0 0 _223
_a631.4095492
_bBRT 1996
100 1 _aBrammer, Hugh
_9124379
245 1 4 _aThe geography of the soils of Bangladesh /
_cHugh Brammer.
260 _aDhaka, Bangladesh :
_bUniversity Press,
_c1996.
300 _axiv, 287 p. :
_bmap ;
_c25 cm.
504 _aIncludes bibliographical references (p. [275]-276) and index.
520 _aRevised and up-dated edition of a report prepared for the Food and Agriculture Organization of United Nations.
650 0 _aSoils
_zBangladesh.
_9124380
942 _2ddc
_cBK
_02
999 _c40374
_d40374